NBA 24-25 Trivia - Statistics

General Stats
  • This quiz has been taken 143 times
    44 since last reset
  • The average score is 17 of 26
Answer Stats
Hint Answer % Correct
First father-son duo to play on the same team, let alone in the league (name the son) Bronny James
100%
Anthony Davis
95%
All-Stars traded in blockbuster move between the Mavs and Lakers Luka Doncic
95%
All-Star acquired by the 76ers who turned out to be washed up Paul George
89%
Former player who became coach of the Lakers J.J. Redick
87%
Jayson Tatum
84%
2025 NBA Champs Oklahoma City Thunder
84%
Tyrese Haliburton
82%
Team that started the season with a 15 game win streak Cleveland Cavaliers
76%
All-Stars who tore their Achilles Tendon in the playoffs Damian Lillard
76%
Horrible Mavericks GM mostly responsible for the trade Nico Harrison
76%
Team that inexplicably won the draft lottery despite having a 1% chance to do so Dallas Mavericks
74%
Team that had a 28 game losing streak last season but made the playoffs this season Detroit Pistons
74%
Duke star who teams are tanking for Cooper Flagg
71%
Other All-Stars traded by the deadline Jimmy Butler
61%
What does Ja Morant "throw" in his three pointer celebration? A grenade
58%
De'Aaron Fox
55%
TV studio the league is moving away from TNT
55%
Team who broke the record for most threes in a season Boston Celtics
53%
Player who played for three teams this season Dennis Schroder
45%
Zach Lavine
39%
Andrew Wiggins
37%
Championship coach inexplicably fired the week before the playoffs Michael Malone
34%
Brandon Ingram
32%
Khris Middleton
24%
D'Angelo Russell
13%
No matching quizzes found
Score Distribution
Percent of People with Each Score
Percentile by Number Answered
Your Score History
You have not taken this quiz since the last reset